50 Characters In: Breaking Bad Quiz Stats

 Plays Quiz not verified by Sporcle

Challenge
Share
Tweet
Embed
Score 0/50 Timer 10:00
0 Plays Today
Actor Character % Correct
Aaron PaulJesse Pinkman
90.3%
Dean NorrisHank Schrader
87.1%
Bob OdenkirkSaul Goodman
87.1%
Anna GunnSkyler White
85.5%
Betsy BrandtMarie Schrader
85.5%
RJ MitteWalt Jr. White
85.5%
Bryan CranstonWalter White
83.9%
Jonathan BanksMike Ehrmantraut
77.4%
Giancarlo EspositoGustavo Fring
75.8%
Krysten RitterJane Margolis
72.6%
Raymond CruzTuco Salamanca
69.4%
Jesse PlemonsTodd Alquist
66.1%
Danny TrejoTortuga
66.1%
Steven Michael QuezadaSteve Gomez
64.5%
Christopher CousinsTed Beneke
58.1%
Carmen SeranoCarmen Molina
58.1%
Matt JonesBrandon 'Badger' Mayhew
54.8%
Laura FraserLydia Rodarte-Quayle
53.2%
John KoyamaEmilio Koyama
53.2%
Max ArciniegaDomingo 'Krazy-8' Molina
50%
Mark MargolisHector 'Tio' Salamanca
48.4%
David CostabileGale Boetticher
48.4%
Emily RiosAndrea Cantillo
45.2%
Adam GodleyElliott Schwartz
45.2%
Lavell CrawfordHuell Babineaux
41.9%
Actor Character % Correct
Jessica HechtGretchen Schwartz
41.9%
Bill BurrPatrick Kuby
41.9%
Daniel MoncadaLeonel Salamanca
40.3%
Luis MoncadaMarco Salamanca
38.7%
Charles BakerSkinny Pete
35.5%
Jeremiah BitsuiVictor
32.3%
Marius StanBogdan Wolynetz
32.3%
Steven BauerDon Eladio
32.3%
Jesus Jr.No-Doze
32.3%
Michael BowenJack Welker
30.6%
Ian PosadaBrock Cantillo
27.4%
James MartinezMax Arsiniega
27.4%
John de LancieDonald Margolis
24.2%
Kevin RankinKenny
21%
Rodney RushChristian 'Combo' Ortega
21%
Louis FerreiraDeclan
19.4%
Angelo MartinezTomas Cantillo
17.7%
Ray CampbellTyrus Kitt
16.1%
James NingDuane Chow
16.1%
Michael Shamus WilesASAC George Merkert
16.1%
David UrySpooge
12.9%
Larry HankinOld Joe
12.9%
Chris FreihoferDan Wachsberger
11.3%
David HouseDr. Delcavoli
8.1%
Kaija BalesKaylee Ehrmantraut
6.5%

You're not logged in!

Compare scores with friends on all Sporcle quizzes.
Join for Free
OR
Log In

You Might Also Like...

Show Comments

Extras

Top Quizzes Today


Score Distribution

Your Account Isn't Verified!

In order to create a playlist on Sporcle, you need to verify the email address you used during registration. Go to your Sporcle Settings to finish the process.

Report this User

Report this user for behavior that violates our Community Guidelines.

Details: